| Tag |
First Indicator |
Second Indicator |
Subfields |
| LEADER |
00000cam a2200000 a 4500 |
| 001 |
in00001406439 |
| 005 |
20151020072701.0 |
| 008 |
970904s1998 miua b s001 0 eng |
| 010 |
|
|
|a 97038129
|
| 020 |
|
|
|a 0472108387 (alk. paper)
|
| 035 |
|
|
|a (OCoLC)37594871
|
| 035 |
|
|
|9 AHQ3376AM
|
| 040 |
|
|
|a DLC
|c DLC
|d C#P
|d TXA
|d UtOrBLW
|
| 049 |
|
|
|a TXAM
|
| 050 |
0 |
0 |
|a HD58.8
|b .P576 1998
|
| 082 |
0 |
0 |
|a 658.1/6
|2 21
|
| 100 |
1 |
|
|a Platt, Harlan D.,
|d 1950-
|
| 245 |
1 |
0 |
|a Principles of corporate renewal /
|c Harlan D. Platt.
|
| 264 |
|
1 |
|a Ann Arbor :
|b University of Michigan Press,
|c [1998]
|
| 264 |
|
4 |
|c ©1998
|
| 300 |
|
|
|a xx, 418 pages :
|b illustrations ;
|c 24 cm.
|
| 336 |
|
|
|a text
|b txt
|2 rdacontent
|
| 337 |
|
|
|a unmediated
|b n
|2 rdamedia
|
| 338 |
|
|
|a volume
|b nc
|2 rdacarrier
|
| 504 |
|
|
|a Includes bibliographical references (pages 403-412) and index.
|
| 650 |
|
0 |
|a Corporate turnarounds.
|
| 948 |
|
|
|a C:BLW
|d 20030615
|
| 999 |
|
|
|a MARS
|
| 999 |
f |
f |
|s a395b91c-1d2a-314e-a4b4-2d1328f5c55b
|i a533743b-1909-39a6-9d32-66a2cb74da4a
|t 0
|
| 952 |
f |
f |
|p ric
|a Texas A&M University
|b Rellis Campus
|c Joint Library Facility
|d Remote Storage
|t 0
|e HD58.8 .P576 1998
|h Library of Congress classification
|i unmediated -- volume
|m A14822548542
|
| 998 |
f |
f |
|a HD58.8 .P576 1998
|t 0
|l Remote Storage
|